Taylor Swift - Paroles How Did It End? - Statistiques

Statistiques générales
  • Ce quiz a été pris 156 fois
  • Le résultat moyen est 206 sur 236
Statistiques - réponses
Hint Réponse % Correct
a
100%
D
100%
N
100%
oh)
100%
oh
100%
(ohh)
100%
(Uh
100%
did
99%
end?
99%
G
99%
How
99%
I
99%
it
99%
me
99%
The
99%
the
99%
Y
99%
again
98%
in
98%
of
98%
Our
98%
our
98%
was
98%
Couplet 1 | Couplet 2 We
98%
we
98%
all
97%
happenin'
97%
It's
97%
one,
97%
one
97%
One
97%
And
95%
and
95%
no
95%
to
95%
friends
94%
my
94%
My
94%
tree
94%
Refrain Come
93%
come
93%
Except
93%
know
93%
once
93%
Bridge Say
93%
so
93%
tell
93%
Sitting
92%
as
91%
ghost
91%
He
91%
beloved
90%
feeling
90%
leaving
90%
Leaving
90%
they
90%
They
90%
hear?
89%
like
89%
can
88%
death
88%
Then
88%
then
88%
who
88%
with
88%
dreaming
86%
were
86%
Lost
85%
lost
85%
must
85%
breathing
84%
happening
84%
them
84%
We'll
84%
are
83%
gasp
83%
Refrain Guess
83%
hunger
83%
rattle
83%
she
83%
cure
82%
you
82%
at
81%
can't
81%
could
81%
this
81%
Didn't
80%
don't
80%
not
80%
post
80%
pretend
80%
soul
80%
chance,
78%
circles
78%
cousins
78%
dances
78%
husbands
78%
learn
78%
Silenced
78%
their
78%
trust
78%
understand
78%
game
77%
into
77%
ran
77%
right
77%
shops?
77%
But
76%
chances?
76%
different
76%
go
76%
home
76%
Soon
76%
steps
76%
still
76%
such
76%
what
76%
'cause
75%
mortem
75%
they'll
75%
Walking
75%
called
74%
empathetic
73%
maladies
73%
off
73%
blind
72%
conduct
72%
became
70%
calling
70%
him
70%
reeling
70%
deflation
68%
that
68%
hereby
66%
flower
65%
foreign
64%
victim
64%
fell
61%
touch
61%
descends
60%
bereft
59%
birthright
59%
house
59%
circumstances
58%
outdoorsmen
58%
hot
57%
glances
52%
Smug
50%
unforeseen
36%
feverishly
34%
interlopers'
32%
Aucun quiz correspondant
Distribution des résultats
% des personnes avec chaque résultat
Percentile par nombre de réponses
Votre historique - résultats
Vous n’avez pas pris ce quiz